<?xml version="1.0" encoding="UTF-8"?>
<record
    xmlns:xsi="http://www.w3.org/2001/XMLSchema-instance"
    xsi:schemaLocation="http://www.loc.gov/MARC21/slim http://www.loc.gov/standards/marcxml/schema/MARC21slim.xsd"
    xmlns="http://www.loc.gov/MARC21/slim">

  <leader>01538nam a22002177a 4500</leader>
  <controlfield tag="001">2547</controlfield>
  <controlfield tag="003">HMS</controlfield>
  <controlfield tag="005">20250707095936.0</controlfield>
  <controlfield tag="008">250707e1997    cl a|||frntou 001 0 spa  </controlfield>
  <datafield tag="020" ind1=" " ind2=" ">
    <subfield code="a">9562201481</subfield>
  </datafield>
  <datafield tag="040" ind1=" " ind2=" ">
    <subfield code="a">hms</subfield>
    <subfield code="b">spa</subfield>
    <subfield code="c">hms</subfield>
  </datafield>
  <datafield tag="050" ind1="0" ind2="4">
    <subfield code="a">WS200</subfield>
    <subfield code="b">M541</subfield>
  </datafield>
  <datafield tag="100" ind1="1" ind2=" ">
    <subfield code="a">Meneghello R., Julio, </subfield>
    <subfield code="d">1911-</subfield>
    <subfield code="e">ed.</subfield>
    <subfield code="9">3594</subfield>
  </datafield>
  <datafield tag="245" ind1="1" ind2="0">
    <subfield code="a">Di&#xE1;logos en pediatr&#xED;a / </subfield>
    <subfield code="c">[ed. por] J. Meneghello R. </subfield>
    <subfield code="h">[libro]</subfield>
    <subfield code="n">Volumen XIV</subfield>
  </datafield>
  <datafield tag="260" ind1=" " ind2=" ">
    <subfield code="a">Santiago de Chile :</subfield>
    <subfield code="b">Publicaciones T&#xE9;cnicas Mediterr&#xE1;neo,</subfield>
    <subfield code="c">c 1997</subfield>
  </datafield>
  <datafield tag="300" ind1=" " ind2=" ">
    <subfield code="a">14 vol., 259 p&#xE1;ginas :</subfield>
    <subfield code="b">ilustraciones</subfield>
  </datafield>
  <datafield tag="500" ind1=" " ind2=" ">
    <subfield code="a">Incluye &#xED;ndice</subfield>
  </datafield>
  <datafield tag="505" ind1=" " ind2=" ">
    <subfield code="a">1. Prevenci&#xF3;n de las infecciones por Haemophilus Influenzae B. -- 2. S&#xED;ndrome nefr&#xF3;tico en la infancia. -- 3. T&#xE9;tanos en el reci&#xE9;n nacido. -- 4. Meningitis neonatal. -- 5. Evaluaci&#xF3;n inmunol&#xF3;gica en pediatr&#xED;a. -- 6. Disenter&#xED;a en ni&#xF1;os. -- 7. Hydrops Fetalis. -- 8. Tumores cancerosos mas frecuentes mas frecuentes en pediatr&#xED;a. -- 9. Modelos de atenci&#xF3;n en pediatr&#xED;a. -- 10. Conceptos generales de medicina. -- 11. Infecci&#xF3;n por VIH en el ni&#xF1;o. -- 12. Problemas actuales de la di&#xE1;lisis aguda en pediatr&#xED;a. -- 13. Infecciones respiratorias aguda como problema de salud publica en la regi&#xF3;n de las Am&#xE9;ricas. 14. Enfermedad de Kawasaki. 1997 -- 15. Traumatismo obst&#xE9;trico. -- 16. Neumon&#xED;as agudas en el ni&#xF1;o. Formas severas. -- 17. Obstrucci&#xF3;n de la v&#xED;a a&#xE9;rea alta en ni&#xF1;os. -- 18. La inmunosupresi&#xF3;n : riesgo permanente en el paciente oncol&#xF3;gico.    
 </subfield>
  </datafield>
  <datafield tag="650" ind1=" " ind2="7">
    <subfield code="a">Pediatria</subfield>
    <subfield code="9">3612</subfield>
  </datafield>
  <datafield tag="942" ind1=" " ind2=" ">
    <subfield code="2">lcc</subfield>
    <subfield code="c">COL. RES.</subfield>
    <subfield code="n">0</subfield>
  </datafield>
  <datafield tag="999" ind1=" " ind2=" ">
    <subfield code="c">2547</subfield>
    <subfield code="d">2547</subfield>
  </datafield>
  <datafield tag="952" ind1=" " ind2=" ">
    <subfield code="0">0</subfield>
    <subfield code="1">0</subfield>
    <subfield code="2">lcc</subfield>
    <subfield code="4">0</subfield>
    <subfield code="7">0</subfield>
    <subfield code="8">Col. Res.</subfield>
    <subfield code="a">BHMS</subfield>
    <subfield code="b">BHMS</subfield>
    <subfield code="c">Full Space</subfield>
    <subfield code="d">1998-05-30</subfield>
    <subfield code="e">Donaci&#xF3;n Ed. Mediterr&#xE1;neo</subfield>
    <subfield code="i">000754</subfield>
    <subfield code="l">0</subfield>
    <subfield code="o">WS200 M541 1997 v.14</subfield>
    <subfield code="p">000754</subfield>
    <subfield code="r">2025-07-07 10:00:59</subfield>
    <subfield code="t">c.1</subfield>
    <subfield code="w">2025-07-07</subfield>
    <subfield code="y">COL. RES.</subfield>
  </datafield>
</record>
